[Event "EU-chT 24th"]
[Site "Budva"]
[Date "2023.11.18"]
[Round "7.2"]
[White "Mehmeti, Dritan"]
[Black "Sukovic, Andrej"]
[Result "1/2-1/2"]
[WhiteElo "2377"]
[BlackElo "2382"]
[PlyCount "87"]
[EventDate "2023.11.11"]
[EventType "team-swiss"]
[EventRounds "9"]
[EventCountry "MNE"]
[SourceTitle "CB47_2023"]
[SourceDate "2023.11.22"]
[SourceVersion "1"]
[SourceVersionDate "2023.11.22"]
[SourceQuality "1"]
[WhiteTeam "Albania"]
[BlackTeam "Montenegro Youth II"]
[WhiteTeamCountry "ALB"]
[BlackTeamCountry "MNE"]

1. e4 e6 2. d4 d5 3. Nc3 Bb4 4. exd5 Qxd5 5. Nf3 Nf6 6. Be2 b6 7. 0-0 Bxc3 8. bxc3 Ba6 9. Bxa6 Nxa6 10. Qd3 Nb8 11. Re1 0-0 12. c4 Qh5 13. a4 Nbd7 14. a5 c5 15. c3 Rfd8 16. Bf4 Rac8 17. h3 Qg6 18. Qe2 Qf5 19. Bg5 h6 20. Bh4 g5 21. g4 Qg6 22. Bg3 cxd4 23. cxd4 b5 24. Ne5 Qh7 25. cxb5 Rc2 26. Qf3 Nd5 27. Nxd7 Rxd7 28. Reb1 Rc3 29. Qe2 Rxg3+ 30. fxg3 Nc3 31. Qf1 Nxb1 32. Rxb1 Qe4 33. b6 axb6 34. axb6 Qxd4+ 35. Qf2 Qe4 36. Re1 Qb4 37. Rc1 Rd6 38. Rc8+ Kg7 39. Rc7 Rd1+ 40. Kh2 Rd2 41. Rxf7+ Kg6 42. Rf6+ Kg7 43. Rf7+ Kg6 44. Rf6+ 1/2-1/2

[Event "EU-chT 24th"]
[Site "Budva"]
[Date "2023.11.15"]
[Round "5.2"]
[White "Glek, Igor Vladimirovich"]
[Black "Mehmeti, Dritan"]
[Result "1-0"]
[WhiteElo "2435"]
[BlackElo "2377"]
[PlyCount "81"]
[EventDate "2023.11.11"]
[EventType "team-swiss"]
[EventRounds "9"]
[EventCountry "MNE"]
[SourceTitle "CB47_2023"]
[SourceDate "2023.11.22"]
[SourceVersion "1"]
[SourceVersionDate "2023.11.22"]
[SourceQuality "1"]
[WhiteTeam "Belgium"]
[BlackTeam "Albania"]
[WhiteTeamCountry "BEL"]
[BlackTeamCountry "ALB"]

1. e4 e6 2. d3 d5 3. Qe2 Be7 4. Nf3 Nf6 5. g3 0-0 6. Bg2 c5 7. 0-0 Nc6 8. e5 Nd7 9. c4 d4 10. h4 h6 11. Re1 Re8 12. Nbd2 a6 13. Nf1 b5 14. b3 Bb7 15. N1h2 b4 16. Ng4 Bf8 17. Bf4 Ne7 18. Nd2 Bxg2 19. Kxg2 Nf5 20. Ne4 a5 21. a4 bxa3 22. Rxa3 Qc7 23. Rea1 Reb8 24. h5 Rb7 25. Nh2 Qb8 26. Nd2 Qc7 27. g4 Ne7 28. Bg3 g6 29. hxg6 fxg6 30. Ne4 Bg7 31. Nf3 Nc6 32. Rh1 Rab8 33. Nf6+ Kf7 34. Nd5 Qd8 35. Nf4 Nf8 36. Nd2 Qc7 37. Nd5 Qc8 38. Ne4 Rd7 39. Qf3+ Ke8 40. Ndf6+ Kd8 41. Nxd7 1-0

[Event "EU-chT 24th"]
[Site "Budva"]
[Date "2023.11.11"]
[Round "1.14"]
[White "Mehmeti, Dritan"]
[Black "Martinovic, Sasa"]
[Result "0-1"]
[WhiteElo "2377"]
[BlackElo "2542"]
[PlyCount "88"]
[EventDate "2023.11.11"]
[EventType "team-swiss"]
[EventRounds "9"]
[EventCountry "MNE"]
[SourceTitle "CB47_2023"]
[SourceDate "2023.11.22"]
[SourceVersion "1"]
[SourceVersionDate "2023.11.22"]
[SourceQuality "1"]
[WhiteTeam "Albania"]
[BlackTeam "Croatia"]
[WhiteTeamCountry "ALB"]
[BlackTeamCountry "CRO"]

1. d4 Nf6 2. Nf3 g6 3. g3 Bg7 4. Bg2 0-0 5. 0-0 d5 6. c4 dxc4 7. Na3 c3 8. bxc3 c5 9. Nc4 Nc6 10. Ba3 cxd4 11. cxd4 Be6 12. Rc1 Rc8 13. Qd3 a5 14. e4 b5 15. Ncd2 b4 16. Bb2 Nd7 17. Qb1 Bg4 18. d5 Nce5 19. Nxe5 Nxe5 20. Rxc8 Bxc8 21. Qa1 f6 22. f4 Nf7 23. h4 e6 24. Rd1 exd5 25. Nb3 Qe7 26. Rxd5 Bb7 27. Rxa5 Bxe4 28. Qe1 f5 29. Bxg7 Kxg7 30. Nc5 Re8 31. Bxe4 fxe4 32. Qxb4 e3 33. Qc3+ Kg8 34. Nd3 Qd7 35. Ne1 Qh3 36. Ng2 Qxg3 37. Qe1 Qg4 38. h5 e2 39. hxg6 hxg6 40. Rd5 Qf3 41. Rd2 g5 42. Rd4 Re6 43. a4 Rh6 44. Rd2 Qf1+ 0-1

[Event "Olympiad-44"]
[Site "Chennai"]
[Date "2022.07.31"]
[Round "3.3"]
[White "Razanadrakotoarisoa, Toavina"]
[Black "Mehmeti, Dritan"]
[Result "0-1"]
[WhiteElo "2039"]
[BlackElo "2371"]
[PlyCount "110"]
[EventDate "2022.07.29"]
[EventType "team-swiss"]
[EventRounds "11"]
[EventCountry "IND"]
[SourceTitle "CBM 210"]
[Source "ChessBase"]
[SourceDate "2022.10.31"]
[SourceVersion "1"]
[SourceVersionDate "2022.10.31"]
[SourceQuality "1"]
[WhiteTeam "Madagascar"]
[BlackTeam "Albania"]
[WhiteTeamCountry "MAD"]
[BlackTeamCountry "ALB"]

1. e4 c5 2. Nf3 d6 3. d4 cxd4 4. Nxd4 Nf6 5. Nc3 a6 6. a4 e5 7. Nf3 Be7 8. Bg5 Be6 9. Bxf6 Bxf6 10. Nd5 Nc6 11. Qd2 Rc8 12. a5 Bxd5 13. exd5 Ne7 14. c4 e4 15. Nd4 0-0 16. Be2 Ng6 17. 0-0 Bxd4 18. Qxd4 f5 19. f4 exf3 20. Rxf3 f4 21. Raf1 Qg5 22. Rh3 Ne5 23. Qe4 g6 24. Rc3 Rce8 25. Qc2 h5 26. Bf3 Ng4 27. Bxg4 hxg4 28. Qd2 Qe5 29. c5 dxc5 30. d6 Rd8 31. d7 Rf7 32. Rd3 Qf5 33. Rd5 Rfxd7 34. Rxf5 Rxd2 35. Rxc5 Rxb2 36. Rg5 Kg7 37. Rxf4 Rd1+ 38. Rf1 Rxf1+ 39. Kxf1 Rb5 40. Rxg4 Rxa5 41. Rd4 Rb5 42. Ke2 Kf6 43. Rd6+ Kf5 44. Kf3 Rb3+ 45. Kf2 b6 46. h4 a5 47. Rd4 b5 48. Rd5+ Ke6 49. Rc5 a4 50. g4 a3 51. Rc6+ Ke5 52. h5 gxh5 53. gxh5 Kd5 54. Ra6 b4 55. Kg2 Re3 0-1

[Event "EU-chT 23rd"]
[Site "Terme Catez"]
[Date "2021.11.19"]
[Round "7.1"]
[White "Mehmeti, Dritan"]
[Black "Grandelius, Nils"]
[Result "0-1"]
[WhiteElo "2391"]
[BlackElo "2669"]
[PlyCount "142"]
[EventDate "2021.11.12"]
[EventType "team-swiss"]
[EventRounds "9"]
[EventCountry "SLO"]
[SourceTitle "CBM 205"]
[Source "ChessBase"]
[SourceDate "2021.12.31"]
[SourceVersion "1"]
[SourceVersionDate "2021.12.31"]
[SourceQuality "1"]
[WhiteTeam "Albania"]
[BlackTeam "Sweden"]
[WhiteTeamCountry "ALB"]
[BlackTeamCountry "SWE"]

1. d4 Nf6 2. Bg5 g6 3. Bxf6 exf6 4. e3 d5 5. Ne2 Nd7 6. g3 h5 7. Bg2 Nb6 8. Nd2 h4 9. c4 dxc4 10. Nxc4 Nxc4 11. Qa4+ c6 12. Qxc4 Be6 13. Qc3 Bg4 14. Rc1 Bd6 15. a3 Kf8 16. Nf4 Kg7 17. 0-0 g5 18. Nd3 Qc8 19. f3 Be6 20. f4 hxg3 21. hxg3 Bh3 22. Nf2 Bxg2 23. Kxg2 Qe6 24. Rh1 Rxh1 25. Rxh1 Re8 26. fxg5 fxg5 27. e4 Qg6 28. Qf3 Bc7 29. Qc3 f6 30. g4 Bb6 31. a4 Rd8 32. Rd1 Qf7 33. a5 Bc7 34. a6 Bb6 35. axb7 Qxb7 36. e5 fxe5 37. dxe5 Rxd1 38. Nxd1 Bd4 39. Qf3 Bxe5 40. b3 Qd7 41. Nf2 a5 42. Ne4 Qd4 43. Qe2 Kg6 44. Qc2 Qb2 45. Qxb2 Bxb2 46. Kf3 Bc1 47. Nc5 Kf6 48. Ke4 Ba3 49. Nd7+ Ke6 50. Ne5 c5 51. Nc4 Bb4 52. Ne5 Bd2 53. Nc4 Be1 54. Ne5 Bg3 55. Nc4 Bc7 56. Ne3 Kd6 57. Nd5 Bd8 58. Nc3 Bf6 59. Nd5 Bd4 60. Nb6 Kc6 61. Nc4 Kb5 62. Kd3 Kb4 63. Nd2 Bf6 64. Kc2 Be7 65. Kd3 Bd6 66. Kc2 Bf4 67. Ne4 c4 68. bxc4 Kxc4 69. Kb2 Kd3 70. Nc5+ Ke3 71. Kb3 Kf3 0-1

[Event "EU-chT 23rd"]
[Site "Terme Catez"]
[Date "2021.11.16"]
[Round "5.1"]
[White "Mehmeti, Dritan"]
[Black "Bogner, Sebastian"]
[Result "0-1"]
[WhiteElo "2391"]
[BlackElo "2574"]
[PlyCount "108"]
[EventDate "2021.11.12"]
[EventType "team-swiss"]
[EventRounds "9"]
[EventCountry "SLO"]
[SourceTitle "CBM 205"]
[Source "ChessBase"]
[SourceDate "2021.12.31"]
[SourceVersion "1"]
[SourceVersionDate "2021.12.31"]
[SourceQuality "1"]
[WhiteTeam "Albania"]
[BlackTeam "Switzerland"]
[WhiteTeamCountry "ALB"]
[BlackTeamCountry "SUI"]

1. d4 Nf6 2. Nf3 e6 3. Bf4 d5 4. e3 Bd6 5. Bg3 0-0 6. Bd3 c5 7. c3 Qc7 8. Nbd2 Nbd7 9. 0-0 Bxg3 10. hxg3 e5 11. e4 dxe4 12. Nxe4 Nxe4 13. Bxe4 Nf6 14. Qc2 Nxe4 15. Qxe4 exd4 16. cxd4 cxd4 17. Ng5 g6 18. Qxd4 Bf5 19. Rfe1 Rfd8 20. Qh4 h5 21. Rac1 Qd6 22. Ne4 Bxe4 23. Qxe4 Rd7 24. Qa4 Re7 25. Rxe7 Qxe7 26. Rd1 Qe2 27. Qd4 Rc8 28. a3 b6 29. b4 Rc4 30. Qd3 Qxd3 31. Rxd3 Rc1+ 32. Kh2 Ra1 33. f3 Kg7 34. g4 hxg4 35. fxg4 Kf6 36. Kg3 Ke5 37. Re3+ Kd4 38. Rf3 g5 39. Kh3 Rh1+ 40. Kg3 Ra1 41. Kh3 Kc4 42. g3 b5 43. Rxf7 Rxa3 44. Rf5 Kxb4 45. Rxg5 Ra6 46. Rf5 Rh6+ 47. Rh5 Rg6 48. g5 a5 49. Kg4 a4 50. Kf5 Rg8 51. g6 a3 52. Kf6 a2 53. Rh1 Ka3 54. Kf7 Rb8 0-1

[Event "EU-chT 23rd"]
[Site "Terme Catez"]
[Date "2021.11.12"]
[Round "1.13"]
[White "Mehmeti, Dritan"]
[Black "Indjic, Aleksandar"]
[Result "0-1"]
[WhiteElo "2391"]
[BlackElo "2612"]
[PlyCount "100"]
[EventDate "2021.11.12"]
[EventType "team-swiss"]
[EventRounds "9"]
[EventCountry "SLO"]
[SourceTitle "CBM 205"]
[Source "ChessBase"]
[SourceDate "2021.12.31"]
[SourceVersion "1"]
[SourceVersionDate "2021.12.31"]
[SourceQuality "1"]
[WhiteTeam "Albania"]
[BlackTeam "Serbia"]
[WhiteTeamCountry "ALB"]
[BlackTeamCountry "SRB"]

1. d4 Nf6 2. Nf3 e6 3. Bf4 c5 4. e3 cxd4 5. exd4 b6 6. Bd3 Ba6 7. 0-0 Be7 8. Re1 0-0 9. c3 d6 10. a4 Bb7 11. Nbd2 a6 12. Qe2 h6 13. Ne4 Nxe4 14. Bxe4 Bxe4 15. Qxe4 Nd7 16. Qd3 Nf6 17. Bg3 Nd5 18. Nd2 Qd7 19. Nc4 b5 20. axb5 axb5 21. Ne3 Nxe3 22. fxe3 d5 23. e4 dxe4 24. Qxe4 Rac8 25. Rad1 Rfd8 26. Rd3 Qd5 27. Qxd5 Rxd5 28. Re5 Rxe5 29. Bxe5 f6 30. Bg3 Ra8 31. Rd2 Ra2 32. Kf2 Ba3 33. Ke2 Rxb2 34. Rxb2 Bxb2 35. Kd3 Ba3 36. c4 bxc4+ 37. Kxc4 Kf7 38. Kd3 Ke7 39. h3 Kd7 40. Bh2 Kc6 41. Kc4 Bd6 42. Bg1 Bg3 43. Be3 g5 44. Bd2 h5 45. Bc1 Bf4 46. Ba3 f5 47. Bf8 Bg3 48. Bh6 g4 49. Bg7 f4 50. hxg4 h4 0-1

[Event "ALB-ch"]
[Site "Tirana"]
[Date "2020.10.21"]
[Round "5"]
[White "Kaci, Zamir"]
[Black "Mehmeti, Dritan"]
[Result "1-0"]
[WhiteElo "1914"]
[BlackElo "2378"]
[PlyCount "92"]
[EventDate "2020.10.17"]
[EventType "tourn"]
[EventRounds "7"]
[EventCountry "ALB"]
[SourceTitle "EXT 2022"]
[Source "ChessBase"]
[SourceDate "2021.10.06"]
[SourceVersion "1"]
[SourceVersionDate "2021.10.06"]
[SourceQuality "1"]

1. d4 Nf6 2. Bf4 d5 3. e3 c5 4. c3 Nc6 5. Nf3 Qb6 6. Qb3 c4 7. Qxb6 axb6 8. Na3 Bf5 9. Nb5 Ra5 10. Nc7+ Kd7 11. a4 Nh5 12. Nb5 Nxf4 13. exf4 Bc2 14. Ne5+ Nxe5 15. dxe5 Rxa4 16. Rxa4 Bxa4 17. Nd4 e6 18. Be2 Bc5 19. Kd2 Ra8 20. Ra1 Ra5 21. b4 Ra6 22. bxc5 bxc5 23. Nf3 h6 24. Bd1 Bb5 25. Rxa6 Bxa6 26. Ne1 b5 27. Nc2 Kc6 28. g4 Bc8 29. g5 Bd7 30. Bh5 hxg5 31. fxg5 g6 32. Be2 d4 33. Bf3+ Kb6 34. cxd4 b4 35. Ke3 Ba4 36. dxc5+ Kxc5 37. Nd4 b3 38. Ne2 Kb4 39. Kd4 b2 40. Be4 Bc6 41. Bb1 Bf3 42. Nc3 Bg4 43. h4 Bf5 44. Bxf5 exf5 45. h5 gxh5 46. g6 fxg6 1-0

[Event "EU-chT 22nd"]
[Site "Batumi"]
[Date "2019.10.25"]
[Round "2.16"]
[White "Mehmeti, Dritan"]
[Black "Christiansen, Johan Sebastian"]
[Result "0-1"]
[WhiteElo "2359"]
[BlackElo "2558"]
[PlyCount "100"]
[EventDate "2019.10.24"]
[EventType "team-swiss"]
[EventRounds "9"]
[EventCountry "GEO"]
[SourceTitle "CBM 193"]
[Source "ChessBase"]
[SourceDate "2019.12.31"]
[SourceVersion "1"]
[SourceVersionDate "2019.12.31"]
[SourceQuality "1"]
[WhiteTeam "Albania"]
[BlackTeam "Norway"]
[WhiteTeamCountry "ALB"]
[BlackTeamCountry "NOR"]

1. Nf3 Nf6 2. c4 e6 3. g3 d5 4. Bg2 dxc4 5. Qa4+ Bd7 6. Qxc4 c5 7. Ne5 Qc8 8. 0-0 Nc6 9. Nxd7 Qxd7 10. b3 Be7 11. Bb2 0-0 12. d3 Rac8 13. Nd2 b6 14. Nf3 Rfd8 15. Ne5 Nxe5 16. Bxe5 Nd5 17. Rac1 Bf6 18. Bxf6 Nxf6 19. Qa6 Ne8 20. Rfd1 Nd6 21. e3 h6 22. h4 e5 23. a3 Rc7 24. b4 cxb4 25. axb4 Rdc8 26. Rxc7 Rxc7 27. Qa1 Qb5 28. Bf1 Qxb4 29. Qxe5 a5 30. d4 a4 31. Qd5 Rc8 32. e4 Qb3 33. Qxb3 axb3 34. e5 Ne4 35. Bh3 Rc2 36. Bf5 Nc3 37. Re1 g6 38. e6 Re2 39. Rxe2 Nxe2+ 40. Kf1 Kf8 41. Bd3 Nc3 42. exf7 g5 43. hxg5 hxg5 44. g4 b2 45. f4 gxf4 46. Kf2 b1Q 47. Bxb1 Nxb1 48. Kf3 Nc3 49. Kxf4 b5 50. Ke3 Kxf7 0-1

[Event "Olympiad-43"]
[Site "Batumi"]
[Date "2018.10.04"]
[Round "10.1"]
[White "Mehmeti, Dritan"]
[Black "Reyes Najera, Carlos Antonio"]
[Result "1-0"]
[WhiteElo "2391"]
[BlackElo "2149"]
[PlyCount "53"]
[EventDate "2018.09.24"]
[EventType "team-swiss"]
[EventRounds "11"]
[EventCountry "GEO"]
[SourceTitle "CBM 187"]
[Source "ChessBase"]
[SourceDate "2018.12.11"]
[SourceVersion "1"]
[SourceVersionDate "2018.12.11"]
[SourceQuality "1"]
[WhiteTeam "Albania"]
[BlackTeam "Guatemala"]
[WhiteTeamCountry "ALB"]
[BlackTeamCountry "GUA"]

1. d4 Nf6 2. Bg5 e6 3. Nd2 c5 4. e3 Nc6 5. Ngf3 d5 6. c3 cxd4 7. exd4 Be7 8. Bd3 Qb6 9. Rb1 h6 10. Bh4 Bd7 11. 0-0 g5 12. Bg3 g4 13. Ne5 h5 14. Nxc6 Bxc6 15. Qe2 a5 16. Be5 Rf8 17. b3 Nd7 18. Bf4 Nf6 19. a4 Qd8 20. f3 Rc8 21. fxg4 hxg4 22. Be5 Nd7 23. Bg7 Rg8 24. Qxe6 Rxg7 25. Rxf7 Rxf7 26. Bg6 Qc7 27. Qxf7+ 1-0

[Event "Olympiad-43"]
[Site "Batumi"]
[Date "2018.09.26"]
[Round "3.23"]
[White "Mehmeti, Dritan"]
[Black "Gonzalez Vidal, Yuri"]
[Result "0-1"]
[WhiteElo "2391"]
[BlackElo "2566"]
[PlyCount "112"]
[EventDate "2018.09.24"]
[EventType "team-swiss"]
[EventRounds "11"]
[EventCountry "GEO"]
[SourceTitle "CBM 187"]
[Source "ChessBase"]
[SourceDate "2018.12.11"]
[SourceVersion "1"]
[SourceVersionDate "2018.12.11"]
[SourceQuality "1"]
[WhiteTeam "Albania"]
[BlackTeam "Cuba"]
[WhiteTeamCountry "ALB"]
[BlackTeamCountry "CUB"]

1. c4 e6 2. Nc3 d5 3. d4 Bb4 4. Nf3 Nf6 5. cxd5 exd5 6. Bg5 h6 7. Bxf6 Qxf6 8. Qa4+ Nc6 9. e3 0-0 10. Be2 Be6 11. 0-0 a6 12. Ne5 Bxc3 13. Nxc6 Bxb2 14. Rab1 Bd7 15. Rxb2 Bxc6 16. Qb3 Qd6 17. Rc1 Rfe8 18. h3 Re7 19. Rbc2 g6 20. Rc5 Kg7 21. Bf3 Rd8 22. a4 Re6 23. a5 h5 24. Be2 Qd7 25. Qc3 Ra8 26. Bd3 Kg8 27. Be2 Rd6 28. Bd3 Qe7 29. Qb2 Qf6 30. Qc3 h4 31. Be2 Qe7 32. Bd3 Qf6 33. Be2 Qe6 34. Bd3 f5 35. Be2 Kg7 36. Bd3 Qf6 37. Be2 Kh8 38. Bf1 Kg7 39. Be2 Kh8 40. Bf1 Kh7 41. Be2 Re6 42. Bf3 Rd8 43. Qb3 Red6 44. R1c3 Kh8 45. Qa2 Qe6 46. Rc1 g5 47. Be2 g4 48. hxg4 fxg4 49. Qd2 Rg8 50. Bd3 Qh6 51. Qe2 Rf6 52. e4 g3 53. Rf1 h3 54. fxg3 Rxf1+ 55. Qxf1 Qe3+ 56. Kh1 hxg2+ 0-1

[Event "Francophone-ch 6th"]
[Site "Tirana"]
[Date "2018.08.27"]
[Round "3"]
[White "Mohammad, Fahim"]
[Black "Mehmeti, Dritan"]
[Result "0-1"]
[WhiteElo "2210"]
[BlackElo "2391"]
[PlyCount "142"]
[EventDate "2018.08.26"]
[EventType "swiss"]
[EventRounds "9"]
[EventCountry "ALB"]
[SourceTitle "CBM 186 Extra"]
[Source "ChessBase"]
[SourceDate "2018.08.24"]
[SourceVersion "1"]
[SourceVersionDate "2018.08.24"]
[SourceQuality "1"]

1. d4 Nf6 2. Nf3 c5 3. d5 g6 4. Nc3 Bg7 5. e4 d6 6. Bb5+ Bd7 7. a4 0-0 8. h3 Na6 9. 0-0 Nc7 10. Be2 a6 11. e5 dxe5 12. Nxe5 Bf5 13. Bf3 Nce8 14. a5 Nd6 15. Qe2 Re8 16. Bf4 Nd7 17. Ng4 Bxg4 18. Bxg4 Nf6 19. Be5 h5 20. Bf3 Rc8 21. Rfd1 Nd7 22. Bxg7 Kxg7 23. Ne4 Nf6 24. Ng5 c4 25. Qe3 Qc7 26. Re1 Qc5 27. Qe5 Qc7 28. Qe3 c3 29. b3 Nf5 30. Qe5 Qxe5 31. Rxe5 Rc5 32. Ra4 Kf8 33. g4 hxg4 34. hxg4 Nd6 35. Nh3 e6 36. g5 exd5 37. Rxe8+ Nfxe8 38. Nf4 d4 39. Rxd4 Rxg5+ 40. Kf1 Rxa5 41. Rd3 Rc5 42. Ne2 b5 43. Rxc3 Rxc3 44. Nxc3 a5 45. Ke2 Nc7 46. Ke3 Ne6 47. Bc6 b4 48. Ne2 Ke7 49. Kd2 g5 50. c3 bxc3+ 51. Kxc3 f5 52. b4 axb4+ 53. Kxb4 Kf6 54. f3 Ke5 55. Kc3 Nc8 56. Bb7 Ne7 57. Kd2 Nd4 58. Ng1 Nd5 59. Bxd5 Kxd5 60. Ke3 Ke5 61. Nh3 Nxf3 62. Nf2 Nh4 63. Nd3+ Kf6 64. Nf2 Ng6 65. Nd3 g4 66. Nc5 Kg5 67. Kf2 f4 68. Ne4+ Kh4 69. Kg2 Ne5 70. Nf2 f3+ 71. Kh1 Nf7 0-1

[Event "EU-chT (Men) 21st"]
[Site "Heraklion"]
[Date "2017.10.30"]
[Round "3.1"]
[White "Mehmeti, Dritan"]
[Black "Saraci, Nderim"]
[Result "1/2-1/2"]
[WhiteElo "2428"]
[BlackElo "2393"]
[PlyCount "108"]
[EventDate "2017.10.28"]
[EventType "team-swiss"]
[EventRounds "9"]
[EventCountry "GRE"]
[SourceTitle "CBM 182"]
[Source "ChessBase"]
[SourceDate "2018.01.17"]
[SourceVersion "1"]
[SourceVersionDate "2018.01.17"]
[SourceQuality "1"]
[WhiteTeam "Albania"]
[BlackTeam "Kosovo"]
[WhiteTeamCountry "ALB"]
[BlackTeamCountry "KOS"]

1. d4 d5 2. Nf3 Nf6 3. Bf4 e6 4. e3 c5 5. c3 Nc6 6. Nbd2 a6 7. Bd3 Bd6 8. Ne5 c4 9. Bc2 Bb8 10. 0-0 Nxe5 11. Bxe5 Bxe5 12. dxe5 Nd7 13. Qg4 0-0 14. Nf3 f5 15. exf6 Nxf6 16. Qh4 Bd7 17. Rad1 Qb6 18. Rd2 Rae8 19. Ne5 Bc8 20. Rfd1 Qc7 21. f4 g6 22. h3 b5 23. Qh6 Qg7 24. Qxg7+ Kxg7 25. a4 bxa4 26. Bxa4 Re7 27. Bc2 Rb7 28. Bb1 Bd7 29. Re1 Rfb8 30. Ree2 Be8 31. g4 a5 32. g5 Nd7 33. Nc6 Rc8 34. Nd4 Nc5 35. e4 dxe4 36. Bxe4 Rf7 37. Bf3 Bd7 38. Bg4 Re8 39. Re5 Nd3 40. Rxa5 Nxf4 41. Ra7 Ree7 42. Nf3 Nd3 43. b3 e5 44. Rxd7 Rxd7 45. Bxd7 Rxf3 46. Bg4 Re3 47. bxc4 Nf4 48. Rd7+ Kf8 49. Rxh7 Rxc3 50. Ra7 e4 51. Ra1 Ke7 52. Rf1 Nxh3+ 53. Bxh3 Rxh3 54. Rf4 Rg3+ 1/2-1/2

[Event "EU-chT (Men) 21st"]
[Site "Heraklion"]
[Date "2017.10.28"]
[Round "1.1"]
[White "Markus, Robert"]
[Black "Mehmeti, Dritan"]
[Result "1-0"]
[WhiteElo "2644"]
[BlackElo "2428"]
[PlyCount "61"]
[EventDate "2017.10.28"]
[EventType "team-swiss"]
[EventRounds "9"]
[EventCountry "GRE"]
[SourceTitle "CBM 182"]
[Source "ChessBase"]
[SourceDate "2018.01.17"]
[SourceVersion "1"]
[SourceVersionDate "2018.01.17"]
[SourceQuality "1"]
[WhiteTeam "Serbia"]
[BlackTeam "Albania"]
[WhiteTeamCountry "SRB"]
[BlackTeamCountry "ALB"]

1. d4 c5 2. d5 Nf6 3. Nc3 g6 4. e4 d6 5. Nf3 Bg7 6. Be2 0-0 7. 0-0 Na6 8. Bf4 Nc7 9. a4 Bg4 10. Qd3 Bxf3 11. Qxf3 Nd7 12. Qg3 a6 13. h4 Rb8 14. a5 b5 15. axb6 Rxb6 16. Nd1 Nf6 17. Bf3 Qd7 18. Re1 h5 19. c3 Rfb8 20. Bc1 Qc8 21. Ne3 Rxb2 22. Bxb2 Rxb2 23. e5 dxe5 24. Qxe5 Ng4 25. Bxg4 hxg4 26. Qxe7 Bxc3 27. d6 Ne6 28. d7 Qf8 29. Nd5 Bxe1 30. Rxe1 Rd2 31. Rxe6 1-0

[Event "Olympiad-42"]
[Site "Baku"]
[Date "2016.09.03"]
[Round "2.2"]
[White "Kryvoruchko, Yuriy"]
[Black "Mehmeti, Dritan"]
[Result "1/2-1/2"]
[WhiteElo "2693"]
[BlackElo "2415"]
[PlyCount "91"]
[EventDate "2016.09.02"]
[EventType "team-swiss"]
[EventRounds "11"]
[EventCountry "AZE"]
[SourceTitle "CBM 175"]
[Source "ChessBase"]
[SourceDate "2016.11.10"]
[SourceVersion "1"]
[SourceVersionDate "2016.11.10"]
[SourceQuality "1"]
[WhiteTeam "Ukraine"]
[BlackTeam "Albania"]
[WhiteTeamCountry "UKR"]
[BlackTeamCountry "ALB"]

1. e4 e6 2. d4 d5 3. Nc3 Bb4 4. e5 c5 5. a3 Bxc3+ 6. bxc3 Qa5 7. Bd2 Qa4 8. Qg4 Kf8 9. Nf3 Ne7 10. Bd3 c4 11. Be2 Qxc2 12. 0-0 Nbc6 13. Bd1 Qg6 14. Qh4 Bd7 15. Rc1 Nf5 16. Qf4 h5 17. h3 Na5 18. Bc2 Nb3 19. Rb1 b6 20. Rfe1 Nxd2 21. Qxd2 Qh6 22. Ng5 Kg8 23. Qf4 h4 24. a4 Rf8 25. a5 b5 26. a6 Qg6 27. Qc1 Rh5 28. f4 f6 29. exf6 Qxf6 30. Bd1 Rh6 31. Bg4 Ng3 32. Kh2 Qxf4 33. Qxf4 Rxf4 34. Nxe6 Rxg4 35. hxg4 Bxe6 36. g5 Rg6 37. Rxb5 Bf5 38. Ra1 Be4 39. Rb7 Rxg5 40. Rxa7 Ne2 41. Ra8+ Kh7 42. Rf8 Rxg2+ 43. Kh3 Rg3+ 44. Kh2 Rg2+ 45. Kh3 Rg3+ 46. Kh2 1/2-1/2

[Event "Durres op"]
[Site "Durres"]
[Date "2014.11.05"]
[Round "6"]
[White "Kozul, Zdenko"]
[Black "Mehmeti, Dritan"]
[Result "1-0"]
[WhiteElo "2632"]
[BlackElo "2423"]
[PlyCount "47"]
[EventDate "2014.11.01"]
[EventType "swiss"]
[EventRounds "9"]
[EventCountry "ALB"]
[SourceTitle "EXT 2015"]
[Source "ChessBase"]
[SourceDate "2014.11.20"]
[SourceVersion "1"]
[SourceVersionDate "2014.11.20"]
[SourceQuality "1"]

1. d4 c5 2. d5 e5 3. e4 d6 4. Bd3 Be7 5. Nf3 Nf6 6. c4 0-0 7. Nc3 Na6 8. h3 Nc7 9. 0-0 a6 10. a4 b6 11. Nh2 Re8 12. f4 Nd7 13. Nf3 exf4 14. Bxf4 f6 15. a5 Rb8 16. axb6 Rxb6 17. Na4 Rb7 18. b3 Ne5 19. Nb2 Rf8 20. Bc2 Bd7 21. Be3 Be8 22. Qd2 Bf7 23. Nh4 Re8 24. Nf5 1-0

[Event "Olympiad-41"]
[Site "Tromsoe"]
[Date "2014.08.14"]
[Round "11.2"]
[White "Rios, Cristhian Camilo"]
[Black "Mehmeti, Dritan"]
[Result "0-1"]
[WhiteElo "2427"]
[BlackElo "2416"]
[PlyCount "116"]
[EventDate "2014.08.02"]
[EventType "team-swiss"]
[EventRounds "11"]
[EventCountry "NOR"]
[SourceTitle "CBM 162"]
[Source "ChessBase"]
[SourceDate "2014.09.17"]
[SourceVersion "1"]
[SourceVersionDate "2014.09.17"]
[SourceQuality "1"]
[WhiteTeam "Colombia"]
[BlackTeam "Albania"]
[WhiteTeamCountry "COL"]
[BlackTeamCountry "ALB"]

1. d4 Nf6 2. c4 e6 3. Nc3 Bb4 4. Nf3 b6 5. Qb3 c5 6. a3 Ba5 7. Bf4 Nc6 8. Rd1 0-0 9. d5 exd5 10. cxd5 Ne7 11. e3 d6 12. Bg5 Ng6 13. h4 h6 14. h5 hxg5 15. hxg6 Ne4 16. Bd3 Bf5 17. Qc2 Bxc3+ 18. bxc3 Qe7 19. gxf7+ Rxf7 20. Nxg5 Qxg5 21. Bxe4 Re8 22. Bxf5 Rxf5 23. Rh3 Ree5 24. Rg3 Qxg3 25. Qxf5 Qxe3+ 26. fxe3 Rxf5 27. Ke2 Kf7 28. e4 Rg5 29. Rf1+ Ke7 30. Kf3 Rg6 31. Rb1 Kf6 32. a4 Ke5 33. g3 Rf6+ 34. Ke3 Rg6 35. Kf3 Rf6+ 36. Ke3 Rg6 37. Kf3 Rh6 38. Ke3 Rh3 39. Rg1 g6 40. c4 Rh2 41. a5 Rb2 42. axb6 Rb3+ 43. Kd2 axb6 44. Kc2 Rf3 45. Rb1 Rxg3 46. Rxb6 g5 47. Rb8 Kxe4 48. Rd8 Ke5 49. Kd2 g4 50. Ke2 Rc3 51. Re8+ Kd4 52. Re6 Kxc4 53. Rxd6 Rd3 54. Rg6 Rxd5 55. Rxg4+ Kc3 56. Rg3+ Kc2 57. Rg4 Re5+ 58. Kf1 Kd3 0-1